Statystyki dla Polskie drużyny piłkarskie

Kliknij tutaj aby rozwiązać quiz!

Ogólne statystyki

  • Ten quiz został rozwiązany 181 razy
  • Średni wynik to 27 z 52

Statystyki odpowiedzi

Ekstraklasa% Poprawnych
Lech II Poznań
97%
Lech Poznań
97%
Legia Warszawa
97%
Wisła Kraków
86%
Arka Gdynia
81%
Raków Częstochowa
81%
Lechia Gdańsk
80%
Śląsk Wrocław
76%
Wisła Płock
76%
Cracovia Kraków
74%
Górnik Zabrze
74%
Jagiellonia Białystok
74%
Pogoń Szczecin
74%
Zagłębie Lubin
74%
Łódzki KS
73%
Widzew Łódź
69%
Korona Kielce
67%
GKS Katowice
64%
Piast Gliwice
63%
Warta Poznań
63%
Bruk-Bet Termalica Nieciecza
61%
Zagłebie Sosnowiec
60%
Stal Mielec
58%
Radomiak Radom
56%
GKS Tychy
53%
Miedź Legnica
53%
Górnik Łęczna
51%
Odra Opole
50%
Podbeskidzie Bielsko-Biała
49%
Stal Rzeszów
45%
Resovia Rzeszów
43%
Sandecja Nowy Sącz
43%
Stomil Olsztyn
41%
GKS Bełchatów
40%
Elana Toruń
38%
Chrobry Głogów
37%
Pogoń Siedlce
35%
Chojniczanka Chojnice
33%
Wigry Suwałki
33%
Garbarnia Kraków
30%
GKS Jastrzębie
28%
Puszcza Niepołomice
28%
Skra Częstochowa
28%
Stal Stalowa Wola
26%
Olimpia Elbląg
25%
Znicz Pruszków
25%
Bytovia Bytów
24%
Górnik Polkowice
24%
Olimpia Grudziądz
24%
Błękitni Stargard
19%
Gryf Wejherowo
18%
Legionovia Legionowo
15%

Rozkład punktacji

Percentyl według liczby udzielonych odpowiedzi

Procent ludzi z każdym wynikiem

Twoja historia wyników

Nie rozwiązałeś tego quizu